| 000 | 00944nam a22003137a 4500 | ||
|---|---|---|---|
| 001 | BR0305413 | ||
| 003 | BR-BrBNA | ||
| 005 | 20230928101429.0 | ||
| 007 | ta | ||
| 008 | 230509b bl.||||| |||| 00| 0 por d | ||
| 040 |
_aBR-BrBNA _bpor _cBiblioteca Nacional de Agricultura |
||
| 041 | _a(Por) | ||
| 072 | _aH10; U10 | ||
| 090 | _ H10 BR0305413 | ||
| 100 | 1 | _aPereira, P.J. | |
| 110 | 1 |
_aUniversidade Federal de Lavras, MG (Brasil) _0Tese (Mestrado) |
|
| 245 | 1 | _aEstudo da viabilidade da aplicação da análise de sobrevivência em dados entomológicos | |
| 260 | 3 |
_aLavras, MG (Brasil): _c2002. |
|
| 300 | _a81 p. | ||
| 500 | _aSummaries (Eng, Por); 33 ref.; 13 tables; 7 illus. | ||
| 650 | _aANÁLISE DE DADOS | ||
| 650 | _aANÁLISE COMPARATIVA | ||
| 650 | _aDADOS ESTATÍSTICOS | ||
| 650 | _aAMOSTRAGEM | ||
| 650 | _aENTOMOLOGIA | ||
| 650 | _aMODELO MATEMÁTICO | ||
| 909 |
_a202309 _bLucia _c55 _dLucia Elande |
||
| 942 | _cBK | ||
| 999 |
_c65789 _d65789 |
||